000 00365nam a22001457a 4500
999 _c1281
_d1281
008 200120b ||||| |||| 00| 0 eng d
082 0 0 _a744.4
_bB6144
100 _9873
_aBinns, H.
245 1 0 _aExamples in engineering drawing, Vol - I
_cby H Binns
260 _aLondon
_bEUP
_c1950
300 _a92p.
365 _d5.14
650 0 _aMechanical Drawing
942 _cBK